000 00587nam a2200181Ia 4500
008 090123s9999 xx 000 0 und d
082 _b3640
100 _aसामंत बाळ
245 _aहात दाखवून अवलक्षण
250 _a1
260 _bसोमय्या पब्लिकोशन
_c1974
300 _a140
600 _aसामंत बाळ
630 _aहात दाखवून अवलक्षण
700 _aसामंत बाळ
730 _aहात दाखवून अवलक्षण
942 _cBOOK
999 _c41719
_d41719